01670gm aa2200289a 445000010005000000030009000050050017000140070009000310080040000400400023000800410013001031000050001161300019001662450178001852500022003632600099003853000033004845080166005175110017006835200401007005380016011015460013011176500056011307000062011867000064012487000068013121978IT-RoPAU20220918181248.0d cvaizq50131s9999||||xx ||| | || ||und|| aIT-RoPAUcIT-RoPAU aITALIANO aMaselli FrancescogCodice regista SPICS: 1587 aCODICE PRIVATO aCODICE PRIVATOcProdotto da: De Laurentis Aurelio -- Sceneggiatura: Maselli Francesco -- Diretto da: Maselli FrancescopCODICE PRIVATO (Rif. Codice opera principale : B1978) aEdizione Standard a(ITALIA)bFILMAURO - RAI / Distribuzione: RAIg"1988 (1° ed.: 1992 ; Ed. Lingua Orig.: 1988)" aVHSbsonoro, col.c90 minuti a"Fotografia: Kuveiller Luigi; Montaggio: Perpignani Alessandr; Musica: Salviucci Marini Giovanna; Sceneggiatura: Maselli Francesco; Scenografia: Dentici Mario; " aMuti Ornella aTRISTEZZA E INQUIETUDINE IN UN MONOLOGO ESAME DI COSCIENZA IN CUI I RICORDI SI UNISCONO AI SEGRETI CELATI NELLA MEMORIA DI UN COMPUTER. ORNELLA MUTI DIRETTA DA FRANCESCO MASELLI INTERPRETA LA SOLITUDINE DI UNA DONNA ABBANDONATA DAL SUO UOMO DOPO AVER TROVATO LA CHIAVE D'ACCESSO AGLI APPUNTI E ALLE RIFLESSIONI DELL'EX LA RAGAZZA INIZIA A CAPIRE I MOTIVI DEL FALLIMENTO DELLA LORO STORIA D'AMORE. aPAL, STEREO aITALIANO aDRAMMATICOeFILMS [VHS]xCodice MATERIA SPICS: 9960 aMaselli Francesco e(regista)gCodice regista SPICS: 1587 aMaselli Francesco e(soggetto)gCodice Soggetto SPICS: 1587 aSalviucci Marini Giovannae(musica)gCodice Musica SPICS: 23810